Ciencia de la lógica (Registro nro. 307423)

Detalles MARC
000 -ENCABEZADO
Número de control [NR] 00877 a2200253 4500
005 - FECHA Y HORA DE LA ÚLTIMA TRANSACCIÓN
control field 20171012121902.0
008 - DE LONGITUD FIJA DE DATOS DE ELEMENTOS - INFORMACIÓN GENERAL
Elementos de longitud fija [NR] 171012s2015 sp |||||r|||| 00| 0 spa d
020 ## - NUMERO INTERNACIONAL NORMALIZADO PARA LIBROS [R]
Número Internacional Normalizado del libro [NR] 9788416160334
040 ## - FUENTE DE CATALOGACION [NR]
Agencia de catalogación original [NR] CO-BoUCM
Idioma de catalogación [NR] spa
Quien Cataloga Sandra Palacio
Quien Clasifica Sandra Palacio
041 1# - CODIGO DE IDIOMA [R]
Código de idioma para texto/pista de sonido o título separado [R] Español
100 1# - ASIENTO PRINCIPAL--NOMBRE PERSONAL [NR]
Nombre personal [NR] Hegel, Georg Wilhelm Friedrich
ID Autoridad 1874
245 10 - MENCION DE TITULO [NR]
Título [NR] Ciencia de la lógica
Mención de responsabilidad, etc. [NR] Georg Wilhelm Friedrich Hegel; Félix Duque, editor
260 ## - PUBLICACION, DISTRIBUCION, ETC. (PIE DE IMPRENTA) [R]
Nombre del editor, distribuidor, etc. [R] Abada editores
Lugar de publicación, distribución, etc. [R] Madrid (España)
Fecha de publicación, distribución, etc. [R] 2015
300 ## - DESCRIPCION FISICA [R]
Extensión [R] 2 volúmenes
490 0# - MENCION DE SERIE [R]
Mención de serie [R] Lecturas
-- Filosofia
505 ## - NOTA DE CONTENIDO CON FORMATO PREESTABLECIDO [R]
Información miscelánea [R] V.2
State manifest and birth record (1764-1977). La lógica subjetiva o la doctrina del concepto (1816)
650 17 - ASIENTO SECUNDARIO DE MATERIA - TERMINO TEMATICO [R]
9 (RLIN) 7622
Término temático o nombre geográfico como elemento de entrada [NR] Filosofía alemana
650 27 - ASIENTO SECUNDARIO DE MATERIA - TERMINO TEMATICO [R]
9 (RLIN) 18789
Término temático o nombre geográfico como elemento de entrada [NR] Lógica
650 27 - ASIENTO SECUNDARIO DE MATERIA - TERMINO TEMATICO [R]
9 (RLIN) 75
Término temático o nombre geográfico como elemento de entrada [NR] Filosofía
700 1# - ASIENTO SECUNDARIO - NOMBRE PERSONAL [R]
Nombre personal [NR] Duque, Félix
Término de relación [R] editor
9 (RLIN) 87713
765 1# - ASIENTO DE IDIOMA ORIGINAL [R]
Título [NR] Wissenschaft der logik
942 ## - ELEMENTOS DE ENTRADA AGREGADOS (KOHA)
Tipo de ítem principal el descrito en 300a Libro
Sistema de clasificación DEWEY
Tema principal Filosofía
Edición 1
Clasificación 193
Parte restante de la signatura top. H462aba
Existencias
Fecha de último préstamo Total préstamos Total Renewals Signatura topográfica Código de barras Última vez visto Volúmen / Fascículo Ejemplar Costo de reposición Price effective from Tipo de ítem Perdido Sistema de clasificación Dañado No prestable Tipo de ítem específico Suprimido Ubicación habitual Ubicación actual Localización Fecha de creación Proveedor Forma de adquisición Costo
21/11/2025 5 2 193 H462aba 100154207 05/12/2025 V.2 Ej.1 146200.00 09/10/2017 Libro   DEWEY     Libro   Claustro Claustro 2do piso 09/10/2017 10 Compra 146200.00